000 00536nam a2200181Ia 4500
008 090124s9999 xx 000 0 und d
082 _b27855
_a1975
100 _aभुर्के श्याम
245 _a पुणं - एक साठवण
250 _a1
260 _c1994
300 _a175
600 _aभुर्के श्याम
630 _a पुणं - एक साठवण
700 _aभुर्के श्याम
730 _a पुणं - एक साठवण
942 _cBOOK
999 _c141317
_d141317